Study Guide for Elements of Business Mathematics and Statistics (Record no. 6334)

MARC details
005 - DATE AND TIME OF LATEST TRANSACTION
control field 20250629124456.0
020 ## - INTERNATIONAL STANDARD BOOK NUMBER
International Standard Book Number 9976-78-021-4
082 ## - DEWEY DECIMAL CLASSIFICATION NUMBER
Classification number 510 ABD
100 ## - MAIN ENTRY--PERSONAL NAME
Author name ABDU, A .N . S .
245 ## - TITLE STATEMENT
Title Study Guide for Elements of Business Mathematics and Statistics
260 ## - PUBLICATION, DISTRIBUTION, ETC.
Place of publication, distribution, etc. Dar es salaam,
Name of publisher, distributor, etc. NBAA,
Date of publication, distribution, etc. 2004.
300 ## - PHYSICAL DESCRIPTION
Extent 166P.: ill.; table,
Dimensions 29cm.
942 ## - ADDED ENTRY ELEMENTS (KOHA)
Source of classification or shelving scheme Dewey Decimal Classification
Koha item type Books

No items available.